00575nam a2200169 4500001000700000003000900007005001700016007000300033008004100036100003100077245004600108260005100154300002800205852003200233999001900265952012100284108623ES-MaACL20230906184656.0t|061121s1955 xxu r ||||1| eng d1 aMontgomery, Claude.98262810aMajorca sketchbook / cClaude Montgomery. aMaine : b[s.n., c1955?] (fPalma : Muntaner) a60 p. : bil ; c22 cm. aES-MaACLjC-10232 bR.37955 c108623d108623 00104070aATENEOMbATENEOMcSPALd2008-01-17eSCl0oC-10232p1113342r2023-02-23 00:00:00w2023-02-23yMONOGRAFIA